Isaac Newton on mathematical certainty and method (Record no. 18257)
[ view plain ]
| 000 -LEADER | |
|---|---|
| fixed length control field | 00665nam a2200217Ia 4500 |
| 003 - CONTROL NUMBER IDENTIFIER | |
| control field | IN-BaIIA |
| 008 - FIXED-LENGTH DATA ELEMENTS--GENERAL INFORMATION | |
| fixed length control field | 211028s9999 xx 000 0 eng d |
| 020 ## - INTERNATIONAL STANDARD BOOK NUMBER | |
| International Standard Book Number | 978-0-262-51648-8 |
| 040 ## - CATALOGING SOURCE | |
| Transcribing agency | IIA Library |
| 080 ## - UNIVERSAL DECIMAL CLASSIFICATION NUMBER | |
| Universal Decimal Classification number | 510 |
| Item number | GUI |
| 100 ## - MAIN ENTRY--PERSONAL NAME | |
| Personal name | Guicciardini, Niccolo |
| 9 (RLIN) | 34941 |
| 245 #0 - TITLE STATEMENT | |
| Title | Isaac Newton on mathematical certainty and method |
| Statement of responsibility, etc. | Niccolo Guicciardini |
| 260 ## - PUBLICATION, DISTRIBUTION, ETC. | |
| Place of publication, distribution, etc. | Cambridge |
| Name of publisher, distributor, etc. | MIT press |
| Date of publication, distribution, etc. | 2011 |
| 300 ## - PHYSICAL DESCRIPTION | |
| Extent | xxiii, 422p. |
| 490 ## - SERIES STATEMENT | |
| Series statement | Transformations: studies in the history of science and technology |
| 650 ## - SUBJECT ADDED ENTRY--TOPICAL TERM | |
| Topical term or geographic name entry element | Isaac 1642-1727 |
| 9 (RLIN) | 34942 |
| 650 ## - SUBJECT ADDED ENTRY--TOPICAL TERM | |
| Topical term or geographic name entry element | Mathematical analysis |
| 9 (RLIN) | 3063 |
| 650 ## - SUBJECT ADDED ENTRY--TOPICAL TERM | |
| Topical term or geographic name entry element | Mathematics |
| 9 (RLIN) | 82 |
| 650 ## - SUBJECT ADDED ENTRY--TOPICAL TERM | |
| Topical term or geographic name entry element | Newton |
| 9 (RLIN) | 745 |
| 942 ## - ADDED ENTRY ELEMENTS (KOHA) | |
| Koha item type | Books |
| Withdrawn status | Lost status | Damaged status | Not for loan | Home library | Current library | Shelving location | Date acquired | Source of acquisition | Cost, normal purchase price | Total Checkouts | Full call number | Barcode | Date last seen | Cost, replacement price | Price effective from | Koha item type | Purchase Price |
|---|---|---|---|---|---|---|---|---|---|---|---|---|---|---|---|---|---|
| IIA Library-Bangalore | IIA Library-Bangalore | General Stacks | 15/03/2012 | ANJ | 978.00 | 510/ GUI | 19179 | 05/11/2021 | 978.00 | 15/03/2012 | Books | Rs. 978.00 |